| 000 | 00592nam a2200193Ia 4500 | ||
|---|---|---|---|
| 008 | 220501s2019 xx 000 0 eng d | ||
| 020 | _a9789353162931 | ||
| 082 | _a658.4012 PEA-S | ||
| 100 | _aPearce II, John A. | ||
| 245 | 0 |
_aStrategic management : planning for domestic and global competition _cJohn A. Pearce II, Richard B. Robinson and Amita Mital |
|
| 250 | _a15th ed. | ||
| 260 |
_achennai _bMcGraw Hill _c2019 |
||
| 300 | _axxv, 798p. | ||
| 650 | _aStrategic planning | ||
| 650 | _aStrategy | ||
| 700 | _aMital, Amita | ||
| 700 | _aRobinson, Richard B. | ||
| 942 |
_2ddc _cBK _01 |
||
| 999 |
_c18454 _d18454 |
||